00961nam a22002537a 450000500170000001000130001702000100003003500130004003700160005304000120006908200130008124501670009426000340026127000760029530000240037165000220039565000370041770000300045470000290048470000330051394200220054699900190056895201200058720170124110158.0 aA-842063 c00.00 aA-842063 bCen Lib/Ret aDPLbEN a179bSTO aThe stories the tell :cedited by Lawrence Surendra, Klaus Schindler [and] Prasanna Ramaswamy /ba dialogue among philosophers, scientists and environmentalists / aMadrasbEarthworm Booksc1996 bMadrase600018aA3, Parsn Guruprasad complex, 204 T.T.K. Road, Alwarpet aiv,275p. c22cm(Hb) aPhilosophy935454 aEnvironmental politicsv 935455 aSurendra, Lawrence935456 aSchindler, Klaus 935457 aRamaswamy, Prasanna 935458 2ddccENh179mSTO c132681d132681 00104070aLbLd2015-07-23eCen Lib/Retg0.00l0o179 STOpA-842063r2015-07-23 00:00:00t1v0.00w2016-09-15yEN